[Event "Madrid ch 2010-2011"]
[Site "Madrid ESP"]
[Date "2011.03.04"]
[Round "8.1"]
[White "Gallardo Garcia, Andres"]
[Black "Garcia Salamero, Gabriel"]
[Result "0-1"]
[WhiteElo "2370"]
[BlackElo "2177"]
[PlyCount "114"]
[EventDate "2011.02.22"]
[EventType "tourn"]
[EventRounds "11"]
[EventCountry "ESP"]
[EventCategory "1"]
[Source "lmi"]
[SourceDate "2011.02.22"]

1. d4 d5 2. c4 e6 3. Nf3 Nf6 4. g3 Be7 5. Bg2 O-O 6. O-O Nbd7 7. cxd5 exd5 8.
Nc3 c6 9. Qc2 Re8 10. Bf4 Nf8 11. h3 Ne6 12. Be3 g6 13. a3 Ng7 14. b4 a6 15.
Qb3 Nf5 16. Bf4 Bf8 17. g4 Nd6 18. Ne5 Be6 19. f3 Nd7 20. Nxd7 Qxd7 21. Na4 Bg7
22. Rad1 Nc4 23. Nc5 Qc8 24. Rfe1 b5 25. a4 Qd8 26. g5 Ra7 27. Qc3 f6 28. h4
fxg5 29. hxg5 Rf7 30. e3 Qc8 31. Kh2 Bf5 32. axb5 cxb5 33. Ra1 a5 34. Rxa5 Nxa5
35. bxa5 Qc6 36. Rc1 Bf8 37. Bf1 Bd6 38. Re1 Rfe7 39. Bxd6 Qxd6+ 40. Kg2 b4 41.
Qb3 Kg7 42. a6 Rc7 43. Qxb4 Qe7 44. f4 h6 45. gxh6+ Kh7 46. Qb6 Rxc5 47. dxc5
Qh4 48. Re2 Be4+ 49. Kg1 Qg3+ 50. Bg2 Bxg2 51. Rxg2 Qxe3+ 52. Rf2 Qg3+ 53. Kf1
Qh3+ 54. Rg2 Qf3+ 55. Kg1 Re1+ 56. Kh2 Qxf4+ 57. Rg3 Qh4+ 0-1

[Event "Madrid ch 2010-2011"]
[Site "Madrid ESP"]
[Date "2011.03.04"]
[Round "8.2"]
[White "Elissalt Cardenas, Hector"]
[Black "Perez Gonzalez, Jose Manuel"]
[Result "1/2-1/2"]
[WhiteElo "2359"]
[BlackElo "2279"]
[PlyCount "130"]
[EventDate "2011.02.22"]
[EventType "tourn"]
[EventRounds "11"]
[EventCountry "ESP"]
[EventCategory "1"]
[Source "lmi"]
[SourceDate "2011.02.22"]

1. d4 Nf6 2. Nf3 g6 3. c4 c5 4. d5 b5 5. Qc2 bxc4 6. e4 d6 7. Bxc4 Bg7 8. h3
O-O 9. O-O Ba6 10. Nbd2 Nfd7 11. Re1 Nb6 12. Rb1 Bxc4 13. Nxc4 Nxc4 14. Qxc4
Nd7 15. Bd2 Rb8 16. b3 Ne5 17. Nxe5 Bxe5 18. b4 cxb4 19. Rxb4 Rxb4 20. Qxb4 Qb6
21. Qc4 Bd4 22. Be3 Bxe3 23. Rxe3 Rb8 24. h4 Qb2 25. g3 Qa1+ 26. Kg2 Rb1 27.
Qc8+ Kg7 28. Qc3+ Qxc3 29. Rxc3 Rb7 30. Ra3 h5 31. Kf3 Kf6 32. Kf4 Rc7 33. f3
Rb7 34. Ra6 Kg7 35. Rc6 f6 36. Rc8 Kf7 37. Ra8 Rc7 38. a4 Rc4 39. Rxa7 f5 40.
a5 fxe4 41. fxe4 Kf6 42. a6 Rc1 43. Rb7 Ra1 44. a7 Ra3 45. Rc7 e5+ 46. dxe6
Kxe6 47. g4 hxg4 48. Kxg4 Ra5 49. Rb7 Kf6 50. Kf4 Ra1 51. Ke3 Ke5 52. Kd3 Ra3+
53. Kc4 Kxe4 54. Re7+ Kf5 55. Kb5 d5 56. Kb6 d4 57. Rd7 Ke4 58. Rd6 d3 59. Kb7
Ke3 60. Re6+ Kf2 61. Rxg6 Rb3+ 62. Rb6 Rxb6+ 63. Kxb6 d2 64. a8=Q d1=Q 65. Qe4
Kg3 1/2-1/2

[Event "Madrid ch 2010-2011"]
[Site "Madrid ESP"]
[Date "2011.03.04"]
[Round "8.3"]
[White "De la Fuente Gonzalez, Francisco"]
[Black "Ramos Aldoradin, John Paul"]
[Result "1-0"]
[WhiteElo "2230"]
[BlackElo "2125"]
[PlyCount "133"]
[EventDate "2011.02.22"]
[EventType "tourn"]
[EventRounds "11"]
[EventCountry "ESP"]
[EventCategory "1"]
[Source "lmi"]
[SourceDate "2011.02.22"]

1. c4 d6 2. Nc3 e5 3. g3 f5 4. d4 e4 5. f3 exf3 6. Nxf3 Nf6 7. Bg2 g6 8. O-O
Bg7 9. Bf4 O-O 10. Qd2 Re8 11. Bg5 c6 12. d5 c5 13. Rae1 b5 14. Nxb5 Qb6 15.
Bxf6 Bxf6 16. e4 a6 17. Nc3 Rf8 18. e5 dxe5 19. Nxe5 Qd6 20. Nd3 Ra7 21. Qf4
Qxf4 22. gxf4 Bd4+ 23. Kh1 Nd7 24. Na4 Nf6 25. Naxc5 Rg7 26. Ne6 Bxe6 27. Rxe6
Ng4 28. Rfe1 g5 29. h3 gxf4 30. Nxf4 Nf2+ 31. Kh2 Bxb2 32. R6e2 Bd4 33. Ne6 Nd3
34. Nxg7 Bxg7 35. Rd1 Nb2 36. Rc1 Nd3 37. Rb1 Be5+ 38. Kh1 f4 39. Bf3 Bf6 40.
Rb6 Bd4 41. Rbe6 Be3 42. R6xe3 fxe3 43. Rxe3 Nc5 44. Kg2 Rf4 45. d6 Kf8 46. Bd5
Rf6 47. Rf3 Kg7 48. Rxf6 Kxf6 49. Bc6 Ke5 50. d7 Ne6 51. Kg3 Kd6 52. Bd5 Nd8
53. Kf4 a5 54. Kg5 Kxd7 55. Kh6 Nc6 56. Bxc6+ Kxc6 57. Kxh7 Kc5 58. h4 Kxc4 59.
h5 Kb4 60. h6 Ka3 61. Kg6 Kxa2 62. h7 a4 63. h8=Q a3 64. Qh2+ Kb1 65. Qg1+ Kb2
66. Qf2+ Kb1 67. Qe1+ 1-0

[Event "Madrid ch 2010-2011"]
[Site "Madrid ESP"]
[Date "2011.03.04"]
[Round "8.4"]
[White "Ramirez Garcia, Jorge Alberto"]
[Black "Candela Perez, Jose"]
[Result "0-1"]
[WhiteElo "2255"]
[BlackElo "2399"]
[PlyCount "92"]
[EventDate "2011.02.22"]
[EventType "tourn"]
[EventRounds "11"]
[EventCountry "ESP"]
[EventCategory "1"]
[Source "lmi"]
[SourceDate "2011.02.22"]

1. e4 e5 2. Nf3 Nc6 3. d4 exd4 4. Nxd4 Bb4+ 5. c3 Bc5 6. Be3 Bb6 7. Nf5 g6 8.
Bxb6 axb6 9. Ne3 Nf6 10. f3 O-O 11. Qd2 d6 12. c4 Nd7 13. Nc3 Nc5 14. O-O-O
Rxa2 15. Kb1 Ra1+ 16. Kxa1 Nb3+ 17. Kb1 Nxd2+ 18. Rxd2 f5 19. h4 fxe4 20. fxe4
Ne5 21. Be2 Be6 22. Rdd1 Kg7 23. Rdg1 Qf6 24. Rf1 Qe7 25. Rfg1 Rf2 26. g4 Qf7
27. h5 Rxe2 28. hxg6 hxg6 29. Nxe2 Qf3 30. Nd4 Qxe4+ 31. Nec2 Bxc4 32. b3 Bd5
33. Rh4 Qd3 34. Rh2 c5 35. Ne2 Qxb3+ 36. Kc1 Nf3 37. Rg3 Nxh2 38. Rxb3 Bxb3 39.
Ne3 Be6 40. Nf4 Bxg4 41. Nc4 Kf6 42. Nxb6 Be6 43. Na8 g5 44. Nh5+ Ke7 45. Ng7
Kf7 46. Nh5 Nf1 0-1

[Event "Madrid ch 2010-2011"]
[Site "Madrid ESP"]
[Date "2011.03.04"]
[Round "8.5"]
[White "Alcazar Jimenez, Jesus Alberto"]
[Black "Gemy, Jose Daniel"]
[Result "1-0"]
[WhiteElo "2302"]
[BlackElo "2301"]
[PlyCount "43"]
[EventDate "2011.02.22"]
[EventType "tourn"]
[EventRounds "11"]
[EventCountry "ESP"]
[EventCategory "1"]
[Source "lmi"]
[SourceDate "2011.02.22"]

1. Nf3 d5 2. d4 Nf6 3. c4 c6 4. Nc3 dxc4 5. a4 Bf5 6. Ne5 Nbd7 7. Nxc4 Qc7 8.
g3 e5 9. Bg2 Bb4 10. dxe5 Nxe5 11. Bf4 Nfd7 12. Qd4 f6 13. Nxe5 fxe5 14. Qxb4
a5 15. Bxe5 Nxe5 16. Qc5 O-O-O 17. f4 Rhe8 18. fxe5 Rxe5 19. Qa7 Qe7 20. O-O
Bg4 21. Rad1 Re8 22. Nb5 1-0

[Event "Madrid ch 2010-2011"]
[Site "Madrid ESP"]
[Date "2011.03.04"]
[Round "8.6"]
[White "Suarez Uriel, Adrian"]
[Black "Spitzer Isbert, Ramon"]
[Result "1/2-1/2"]
[WhiteElo "2193"]
[BlackElo "2082"]
[PlyCount "60"]
[EventDate "2011.02.22"]
[EventType "tourn"]
[EventRounds "11"]
[EventCountry "ESP"]
[EventCategory "1"]
[Source "lmi"]
[SourceDate "2011.02.22"]

1. e4 Nf6 2. e5 Nd5 3. d4 d6 4. c4 Nb6 5. exd6 cxd6 6. Nc3 g6 7. Be3 Bg7 8. Rc1
O-O 9. b3 Nc6 10. Be2 e5 11. dxe5 dxe5 12. Qxd8 Rxd8 13. c5 Nd5 14. Nxd5 Rxd5
15. Bc4 Rd8 16. Nf3 e4 17. Ng5 Ne5 18. Nxe4 Nxc4 19. Rxc4 Be6 20. Rc1 Bd5 21.
Nd6 Bxg2 22. Rg1 Bc6 23. Ke2 b6 24. Rgd1 bxc5 25. Rxc5 Bd7 26. f3 Bf8 27. Bf4
Be6 28. Rc7 Rd7 29. Ne4 Rxc7 30. Bxc7 Bg7 1/2-1/2

[Event "Madrid ch 2010-2011"]
[Site "Madrid ESP"]
[Date "2011.03.08"]
[Round "9.1"]
[White "Spitzer Isbert, Ramon"]
[Black "Gallardo Garcia, Andres"]
[Result "0-1"]
[WhiteElo "2082"]
[BlackElo "2370"]
[PlyCount "74"]
[EventDate "2011.02.22"]
[EventType "tourn"]
[EventRounds "11"]
[EventCountry "ESP"]
[EventCategory "1"]
[Source "lmi"]
[SourceDate "2011.02.22"]

1. e4 c5 2. Nf3 Nc6 3. d4 cxd4 4. Nxd4 Nf6 5. Nc3 d6 6. Bg5 Bd7 7. Qd2 Rc8 8.
O-O-O Nxd4 9. Qxd4 Qa5 10. f4 Rxc3 11. Bxf6 Rc8 12. Bxg7 Qc7 13. Bc4 e5 14. Qd5
Bc6 15. Qxf7+ Qxf7 16. Bxf7+ Kxf7 17. Bxh8 Bh6 18. Rhe1 Rxh8 19. Kb1 Ke7 20.
fxe5 dxe5 21. Rd3 Bg5 22. b4 Ke6 23. c4 Be7 24. a3 Be8 25. Re2 Bh5 26. Rf2 Bg6
27. Re2 Rf8 28. Kb2 Rf1 29. c5 Bh5 30. Rc2 Be8 31. Rh3 h5 32. Re2 h4 33. a4
Bxa4 34. Rd2 Bc6 35. Re3 Rg1 36. Kc3 a6 37. g4 Rxg4 0-1

[Event "Madrid ch 2010-2011"]
[Site "Madrid ESP"]
[Date "2011.03.08"]
[Round "9.2"]
[White "Gemy, Jose Daniel"]
[Black "Suarez Uriel, Adrian"]
[Result "1-0"]
[WhiteElo "2301"]
[BlackElo "2193"]
[PlyCount "53"]
[EventDate "2011.02.22"]
[EventType "tourn"]
[EventRounds "11"]
[EventCountry "ESP"]
[EventCategory "1"]
[Source "lmi"]
[SourceDate "2011.02.22"]

1. Nf3 d5 2. c4 c6 3. b3 Nf6 4. Bb2 Qb6 5. e3 Nbd7 6. Qc2 e6 7. Nc3 Be7 8. g4
Nc5 9. Rg1 Qd8 10. b4 Na6 11. a3 Nc7 12. g5 Nd7 13. Ne2 f6 14. gxf6 Bxf6 15.
Rxg7 Bxb2 16. Qxb2 Qf6 17. Qxf6 Nxf6 18. Rxc7 Nd7 19. cxd5 exd5 20. Ned4 Kd8
21. Ne6+ Ke7 22. Bh3 Kd6 23. Nfg5 Rg8 24. Ke2 h6 25. Nf7+ Ke7 26. Nc5 Kxf7 27.
Bxd7 1-0

[Event "Madrid ch 2010-2011"]
[Site "Madrid ESP"]
[Date "2011.03.08"]
[Round "9.3"]
[White "Candela Perez, Jose"]
[Black "Alcazar Jimenez, Jesus Alberto"]
[Result "1-0"]
[WhiteElo "2399"]
[BlackElo "2302"]
[PlyCount "99"]
[EventDate "2011.02.22"]
[EventType "tourn"]
[EventRounds "11"]
[EventCountry "ESP"]
[EventCategory "1"]
[Source "lmi"]
[SourceDate "2011.02.22"]

1. e4 d6 2. d4 Nf6 3. Nc3 g6 4. g3 Bg7 5. Bg2 O-O 6. Nge2 c6 7. O-O e5 8. a4 a5
9. h3 Na6 10. Be3 Qe7 11. g4 Bxg4 12. hxg4 Nxg4 13. Bf3 Nxe3 14. fxe3 Qg5+ 15.
Kf2 Bh6 16. Qd2 f5 17. Ng3 exd4 18. Qxd4 Rae8 19. Nxf5 Rxf5 20. exf5 Qxf5 21.
Rae1 Nb4 22. Kg1 Nxc2 23. Qc4+ Qe6 24. Qxe6+ Rxe6 25. Re2 Bxe3+ 26. Kh1 Nd4 27.
Rg2 Kg7 28. Bg4 Re5 29. Re1 h5 30. Nd1 hxg4 31. Rxe3 Rh5+ 32. Rh2 Rd5 33. Rd3
c5 34. Kg2 g3 35. Rh3 c4 36. Ne3 Nc2 37. Nxd5 cxd3 38. Rh1 Kf7 39. Kxg3 Ke6 40.
Nf4+ Ke5 41. Nxd3+ Kd4 42. Nf4 g5 43. Ne6+ Kc4 44. Nxg5 Kb3 45. Ne4 Kxa4 46.
Rh5 Nd4 47. Rd5 Nb5 48. Nxd6 Nc7 49. Rc5 Ne6 50. Rb5 1-0

[Event "Madrid ch 2010-2011"]
[Site "Madrid ESP"]
[Date "2011.03.08"]
[Round "9.4"]
[White "Ramos Aldoradin, John Paul"]
[Black "Ramirez Garcia, Jorge Alberto"]
[Result "1-0"]
[WhiteElo "2125"]
[BlackElo "2255"]
[PlyCount "107"]
[EventDate "2011.02.22"]
[EventType "tourn"]
[EventRounds "11"]
[EventCountry "ESP"]
[EventCategory "1"]
[Source "lmi"]
[SourceDate "2011.02.22"]

1. e4 e6 2. d4 d5 3. e5 c5 4. c3 Qb6 5. Nf3 Nc6 6. a3 c4 7. Nbd2 Na5 8. g3 Bd7
9. Nh4 g5 10. Ng2 h5 11. h3 Be7 12. Be2 h4 13. g4 O-O-O 14. O-O f5 15. exf6
Nxf6 16. Nf3 Ne4 17. Ne5 Be8 18. Bf3 Nd6 19. Qe2 Rh6 20. Be3 Nf7 21. Ne1 Qc7
22. Nxf7 Bxf7 23. Bg2 Rg6 24. f4 Bg8 25. fxg5 Bxg5 26. Bxg5 Rxg5 27. Nf3 Rg7
28. Nxh4 Nc6 29. Nf3 Ne7 30. Qe5 Ng6 31. Qxc7+ Kxc7 32. Rf2 b5 33. Re1 a5 34.
Ne5 Ne7 35. Kh2 b4 36. axb4 axb4 37. h4 Ra8 38. Bh3 Ra2 39. Ree2 Bh7 40. h5 b3
41. h6 Rg8 42. Rf7 Bc2 43. Rxe7+ Kb6 44. Rg7 Rh8 45. Nf7 Rxb2 46. Nxh8 Ra2 47.
Rxe6+ Ka5 48. Ra7+ Kb5 49. Rb7+ Ka5 50. Kg3 b2 51. Reb6 Bb3 52. Rxb3 cxb3 53.
Rxb3 Ka4 54. Rb4+ 1-0

[Event "Madrid ch 2010-2011"]
[Site "Madrid ESP"]
[Date "2011.03.08"]
[Round "9.5"]
[White "Perez Gonzalez, Jose Manuel"]
[Black "De la Fuente Gonzalez, Francisco"]
[Result "1/2-1/2"]
[WhiteElo "2279"]
[BlackElo "2230"]
[PlyCount "60"]
[EventDate "2011.02.22"]
[EventType "tourn"]
[EventRounds "11"]
[EventCountry "ESP"]
[EventCategory "1"]
[Source "lmi"]
[SourceDate "2011.02.22"]

1. e4 e5 2. Nf3 Nf6 3. Nxe5 d6 4. Nf3 Nxe4 5. d4 d5 6. Bd3 Nc6 7. O-O Be7 8.
Re1 Bf5 9. c3 O-O 10. Bf4 Bd6 11. Bxd6 Qxd6 12. Qc2 Bg6 13. Nbd2 Nxd2 14. Qxd2
Rfe8 15. Bxg6 hxg6 16. Re2 Re7 17. Rxe7 Qxe7 18. Re1 Qd7 19. Qf4 f6 20. h4 Rd8
21. g3 Qd6 22. Qg4 Ne7 23. Kg2 Qd7 24. Qf4 Nf5 25. Nd2 Kf7 26. Qf3 c6 27. Qf4
Qd6 28. Qxd6 Rxd6 29. Kf3 Re6 30. Rxe6 Kxe6 1/2-1/2

[Event "Madrid ch 2010-2011"]
[Site "Madrid ESP"]
[Date "2011.03.08"]
[Round "9.6"]
[White "Garcia Salamero, Gabriel"]
[Black "Elissalt Cardenas, Hector"]
[Result "1/2-1/2"]
[WhiteElo "2177"]
[BlackElo "2359"]
[PlyCount "61"]
[EventDate "2011.02.22"]
[EventType "tourn"]
[EventRounds "11"]
[EventCountry "ESP"]
[EventCategory "1"]
[Source "lmi"]
[SourceDate "2011.02.22"]

1. e4 g6 2. d4 Bg7 3. Nc3 c6 4. Be3 d5 5. e5 h5 6. Nf3 Nh6 7. Bd3 Bf5 8. Bxh6
Bxh6 9. O-O Bxd3 10. Qxd3 e6 11. Ne2 Nd7 12. a4 a6 13. b3 c5 14. a5 Rc8 15. c3
O-O 16. Rfb1 Rc7 17. Rb2 Qe7 18. b4 cxd4 19. Nexd4 Rfc8 20. Rc2 Rc4 21. h3 Kh7
22. Re1 Kg7 23. g3 Kh7 24. Kg2 Kg7 25. Ree2 R8c7 26. h4 Rc8 27. Nd2 Bxd2 28.
Qxd2 R8c7 29. Re3 Rc8 30. f4 R8c7 31. Qe2 1/2-1/2

[Event "Madrid ch 2010-2011"]
[Site "Madrid ESP"]
[Date "2011.03.09"]
[Round "10.1"]
[White "Gallardo Garcia, Andres"]
[Black "Elissalt Cardenas, Hector"]
[Result "1-0"]
[WhiteElo "2370"]
[BlackElo "2359"]
[PlyCount "109"]
[EventDate "2011.02.22"]
[EventType "tourn"]
[EventRounds "11"]
[EventCountry "ESP"]
[EventCategory "1"]
[Source "lmi"]
[SourceDate "2011.02.22"]

1. e4 d6 2. d4 Nf6 3. Nc3 Nbd7 4. g4 h6 5. Be3 e5 6. h3 g6 7. Bg2 Bg7 8. Nge2
h5 9. g5 Ng8 10. f4 exf4 11. Bxf4 Ne7 12. Qd3 Nb6 13. O-O-O O-O 14. Qg3 Bd7 15.
b3 a5 16. a4 Nbc8 17. Qd3 Na7 18. d5 Nec8 19. h4 Nb6 20. Kb1 Bg4 21. e5 dxe5
22. Be3 Nac8 23. d6 c6 24. Bh3 Bxh3 25. Rxh3 Nd7 26. Ne4 Rb8 27. N2c3 Qe8 28.
Rf3 Qe6 29. Rdf1 b6 30. Qc4 Qxc4 31. bxc4 Rb7 32. Ka2 Nb8 33. Rd1 Rd7 34. Nf6+
Bxf6 35. Rxf6 Rdd8 36. c5 bxc5 37. Bxc5 Nd7 38. Ne4 Kg7 39. Ba3 Ncb6 40. Rf3
Nxa4 41. c4 Rb8 42. c5 Rb5 43. Rb3 Rfb8 44. Rxb5 Rxb5 45. Rb1 Rxb1 46. Kxb1 f5
47. gxf6+ Nxf6 48. Nxf6 Kxf6 49. Kc2 e4 50. Kb3 e3 51. Kxa4 g5 52. hxg5+ Ke6
53. Bc1 e2 54. Bd2 h4 55. g6 1-0

[Event "Madrid ch 2010-2011"]
[Site "Madrid ESP"]
[Date "2011.03.09"]
[Round "10.2"]
[White "De la Fuente Gonzalez, Francisco"]
[Black "Garcia Salamero, Gabriel"]
[Result "1/2-1/2"]
[WhiteElo "2230"]
[BlackElo "2177"]
[PlyCount "62"]
[EventDate "2011.02.22"]
[EventType "tourn"]
[EventRounds "11"]
[EventCountry "ESP"]
[EventCategory "1"]
[Source "lmi"]
[SourceDate "2011.02.22"]

1. c4 Nf6 2. Nf3 e6 3. g3 d5 4. b3 c5 5. Bb2 Nc6 6. Bg2 d4 7. O-O Be7 8. d3 O-O
9. Na3 a6 10. Nc2 Qc7 11. b4 e5 12. bxc5 Bxc5 13. Nd2 Rb8 14. Nb3 b6 15. e4 a5
16. Na3 Bxa3 17. Bxa3 Re8 18. Rb1 Be6 19. Na1 Nd7 20. f4 f6 21. f5 Bf7 22. Rf2
Nc5 23. Rfb2 Rec8 24. Bf3 Be8 25. g4 Nd8 26. Bxc5 bxc5 27. Qd2 Nc6 28. Nb3 Qa7
29. Nc1 Rxb2 30. Rxb2 Rb8 31. Qc2 Nd8 1/2-1/2

[Event "Madrid ch 2010-2011"]
[Site "Madrid ESP"]
[Date "2011.03.09"]
[Round "10.4"]
[White "Alcazar Jimenez, Jesus Alberto"]
[Black "Ramos Aldoradin, John Paul"]
[Result "1-0"]
[WhiteElo "2302"]
[BlackElo "2125"]
[PlyCount "39"]
[EventDate "2011.02.22"]
[EventType "tourn"]
[EventRounds "11"]
[EventCountry "ESP"]
[EventCategory "1"]
[Source "lmi"]
[SourceDate "2011.02.22"]

1. e4 e6 2. d4 d5 3. exd5 exd5 4. Nf3 Bd6 5. c4 c6 6. Nc3 Ne7 7. Bd3 O-O 8. O-O
Nd7 9. Re1 dxc4 10. Bxc4 Nb6 11. Bb3 Nbd5 12. Ne5 Bf5 13. Qf3 f6 14. Nxd5 cxd5
15. Bxd5+ Kh8 16. Nf7+ Rxf7 17. Bxf7 Qc7 18. g3 Rf8 19. Bb3 g5 20. Rxe7 1-0

[Event "Madrid ch 2010-2011"]
[Site "Madrid ESP"]
[Date "2011.03.09"]
[Round "10.5"]
[White "Suarez Uriel, Adrian"]
[Black "Candela Perez, Jose"]
[Result "0-1"]
[WhiteElo "2193"]
[BlackElo "2399"]
[PlyCount "116"]
[EventDate "2011.02.22"]
[EventType "tourn"]
[EventRounds "11"]
[EventCountry "ESP"]
[EventCategory "1"]
[Source "lmi"]
[SourceDate "2011.02.22"]

1. e4 c5 2. Nc3 d6 3. Nge2 Nf6 4. g3 Nc6 5. Bg2 e6 6. O-O Be7 7. d3 O-O 8. f4
Rb8 9. h3 Nd7 10. g4 b5 11. Ng3 b4 12. Nce2 g6 13. Kh2 e5 14. Be3 Bf6 15. Qc1
exf4 16. Nxf4 Be5 17. Nd5 Qh4 18. Bf4 Nd4 19. Qd2 Ne6 20. Bxe5 Nxe5 21. Nf6+
Kh8 22. Ne2 Ng5 23. Qf4 Rb7 24. Qg3 Qxg3+ 25. Kxg3 Ne6 26. h4 h6 27. Rf2 Kg7
28. Raf1 Bd7 29. Bh3 Bc8 30. Nd5 a5 31. Rf6 a4 32. Nef4 Nxf4 33. R1xf4 b3 34.
axb3 axb3 35. Rf2 bxc2 36. Rxc2 Rd8 37. Rff2 Nxd3 38. Rfd2 Rb3 39. Rc3 Rxc3 40.
bxc3 Ne5 41. Kf4 g5+ 42. hxg5 hxg5+ 43. Kg3 Bb7 44. Bf1 Bxd5 45. Rxd5 Kf6 46.
Rd2 Ke6 47. Be2 Ra8 48. Kf2 Ra1 49. Rd1 Ra2 50. Ke3 Rc2 51. c4 Rc3+ 52. Kf2
Nxc4 53. Rh1 Ne5 54. Rh6+ f6 55. Rh7 Nd3+ 56. Ke3 Nc1+ 57. Kd2 Nxe2 58. Kxe2
Rg3 0-1

[Event "Madrid ch 2010-2011"]
[Site "Madrid ESP"]
[Date "2011.03.09"]
[Round "10.6"]
[White "Spitzer Isbert, Ramon"]
[Black "Gemy, Jose Daniel"]
[Result "0-1"]
[WhiteElo "2082"]
[BlackElo "2301"]
[PlyCount "66"]
[EventDate "2011.02.22"]
[EventType "tourn"]
[EventRounds "11"]
[EventCountry "ESP"]
[EventCategory "1"]
[Source "lmi"]
[SourceDate "2011.02.22"]

1. e4 e6 2. d3 d5 3. Nd2 g6 4. g3 Bg7 5. Bg2 Ne7 6. h4 h5 7. Nh3 Nd7 8. O-O c6
9. f4 Bxb2 10. Bxb2 Qb6+ 11. Kh2 Qxb2 12. Rb1 Qg7 13. c4 Nf6 14. Nf2 dxe4 15.
dxe4 e5 16. Nf3 exf4 17. gxf4 Ng4+ 18. Nxg4 hxg4 19. Ne5 Qf6 20. Qe1 g5 21. Nd3
gxh4 22. e5 Qg7 23. f5 g3+ 24. Kh3 Nxf5 25. e6 Nh6 26. Bd5 cxd5 27. Rxb7 Qg4+
28. Kg2 h3+ 29. Kg1 Qd4+ 30. Nf2 Bxb7 31. exf7+ Kxf7 32. Qb4 Rab8 33. Kh1 g2+
0-1

[Event "Madrid ch 2010-2011"]
[Site "Madrid ESP"]
[Date "2011.03.10"]
[Round "11.1"]
[White "Gemy, Jose Daniel"]
[Black "Gallardo Garcia, Andres"]
[Result "1-0"]
[WhiteElo "2301"]
[BlackElo "2370"]
[PlyCount "67"]
[EventDate "2011.02.22"]
[EventType "tourn"]
[EventRounds "11"]
[EventCountry "ESP"]
[EventCategory "1"]
[Source "lmi"]
[SourceDate "2011.02.22"]

1. Nf3 d6 2. d4 f5 3. g3 g6 4. Bg2 Nf6 5. b3 Bg7 6. Bb2 O-O 7. O-O Nc6 8. d5
Na5 9. Qd3 c5 10. Nbd2 a6 11. b4 cxb4 12. Rab1 b5 13. Nd4 Qc7 14. Ba1 Ng4 15.
Rxb4 Ne5 16. Qc3 Qxc3 17. Bxc3 Bd7 18. Rbb1 Nac4 19. Ne6 Nxd2 20. Bxd2 Bxe6 21.
dxe6 Rac8 22. Bg5 Bf6 23. Bxf6 Rxf6 24. Bb7 Rxc2 25. Bxa6 Rxe2 26. a4 Nf3+ 27.
Kg2 Nd4 28. axb5 Rf8 29. Rfd1 Nxe6 30. b6 Re5 31. Bc4 Kf7 32. Re1 Kf6 33. Rxe5
dxe5 34. b7 1-0

[Event "Madrid ch 2010-2011"]
[Site "Madrid ESP"]
[Date "2011.03.10"]
[Round "11.2"]
[White "Candela Perez, Jose"]
[Black "Spitzer Isbert, Ramon"]
[Result "1-0"]
[WhiteElo "2399"]
[BlackElo "2082"]
[PlyCount "71"]
[EventDate "2011.02.22"]
[EventType "tourn"]
[EventRounds "11"]
[EventCountry "ESP"]
[EventCategory "1"]
[Source "lmi"]
[SourceDate "2011.02.22"]

1. d4 Nf6 2. Nf3 g6 3. c4 Bg7 4. Nc3 O-O 5. e4 d6 6. Be3 Ng4 7. Bg5 f6 8. Bh4
c5 9. d5 Na6 10. Be2 Nc7 11. O-O Nh6 12. Nd2 f5 13. Bg5 fxe4 14. Ndxe4 Nf5 15.
Bg4 h6 16. Bd2 Nd4 17. Bxc8 Qxc8 18. Ng3 Rf7 19. Qb1 Kh7 20. Qe4 Ne8 21. Rae1
Nf6 22. Qd3 Qg4 23. h3 Qh4 24. Re3 Raf8 25. Rfe1 Nd7 26. Re4 Ne5 27. Qb1 Nef3+
28. gxf3 Nxf3+ 29. Kg2 Nxd2 30. Rxh4 Nxb1 31. Nce4 Kg8 32. Rxb1 g5 33. Rg4 Bd4
34. h4 Rxf2+ 35. Nxf2 Rxf2+ 36. Kh1 1-0

[Event "Madrid ch 2010-2011"]
[Site "Madrid ESP"]
[Date "2011.03.10"]
[Round "11.3"]
[White "Ramos Aldoradin, John Paul"]
[Black "Suarez Uriel, Adrian"]
[Result "1-0"]
[WhiteElo "2125"]
[BlackElo "2193"]
[PlyCount "47"]
[EventDate "2011.02.22"]
[EventType "tourn"]
[EventRounds "11"]
[EventCountry "ESP"]
[EventCategory "1"]
[Source "lmi"]
[SourceDate "2011.02.22"]

1. e4 c5 2. Nf3 g6 3. d4 cxd4 4. Nxd4 Nc6 5. Nc3 Bg7 6. Be3 Nf6 7. Bc4 O-O 8.
f3 Qb6 9. a3 Nxe4 10. Nd5 Qc5 11. Nxc6 Qxc4 12. Ncxe7+ Kh8 13. fxe4 Qxe4 14.
O-O b6 15. Rf4 Qe6 16. Bd4 f6 17. Qf1 Bb7 18. c4 Qd6 19. Bxf6 Rxf6 20. Rxf6
Qc5+ 21. Kh1 Ba6 22. Rc1 Re8 23. Rf7 Qd4 24. Nc7 1-0

[Event "Madrid ch 2010-2011"]
[Site "Madrid ESP"]
[Date "2011.03.10"]
[Round "11.4"]
[White "Perez Gonzalez, Jose Manuel"]
[Black "Alcazar Jimenez, Jesus Alberto"]
[Result "1-0"]
[WhiteElo "2279"]
[BlackElo "2302"]
[PlyCount "107"]
[EventDate "2011.02.22"]
[EventType "tourn"]
[EventRounds "11"]
[EventCountry "ESP"]
[EventCategory "1"]
[Source "lmi"]
[SourceDate "2011.02.22"]

1. e4 d6 2. d4 Nf6 3. Nc3 g6 4. Be3 Ng4 5. Bg5 Bg7 6. Be2 h6 7. Bh4 g5 8. Bg3
h5 9. h4 gxh4 10. Bxh4 c5 11. dxc5 Bxc3+ 12. bxc3 dxc5 13. Qxd8+ Kxd8 14. Nh3
Nd7 15. Nf4 Ngf6 16. Bxf6 Nxf6 17. e5 Ne4 18. Rxh5 Rxh5 19. Bxh5 Nxc3 20. Bxf7
Bf5 21. f3 Kc7 22. g4 Bh7 23. Kd2 Nb5 24. Ne6+ Kc6 25. a4 Nc7 26. Nxc7 Kxc7 27.
Rh1 Bg8 28. Bxg8 Rxg8 29. Rh7 Kd7 30. Ke3 Ke6 31. Ke4 Rd8 32. Rh6+ Kf7 33. Kf5
Rf8 34. Rh7+ Ke8+ 35. Ke6 Rxf3 36. Rxe7+ Kf8 37. Rxb7 Rg3 38. Rxa7 Rxg4 39.
Ra8+ Kg7 40. a5 Rc4 41. Rc8 Rxc2 42. Rc7+ Kg6 43. Kd5 Rd2+ 44. Kxc5 Kf5 45. Re7
Rc2+ 46. Kb6 Rb2+ 47. Ka7 Ra2 48. a6 Ra1 49. Kb7 Rb1+ 50. Kc8 Rc1+ 51. Kb8 Rb1+
52. Rb7 Rh1 53. a7 Rh8+ 54. Kc7 1-0

[Event "Madrid ch 2010-2011"]
[Site "Madrid ESP"]
[Date "2011.03.10"]
[Round "11.5"]
[White "Garcia Salamero, Gabriel"]
[Black "Ramirez Garcia, Jorge Alberto"]
[Result "1-0"]
[WhiteElo "2177"]
[BlackElo "2255"]
[PlyCount "71"]
[EventDate "2011.02.22"]
[EventType "tourn"]
[EventRounds "11"]
[EventCountry "ESP"]
[EventCategory "1"]
[Source "lmi"]
[SourceDate "2011.02.22"]

1. e4 c6 2. d4 d5 3. Nd2 dxe4 4. Nxe4 Nd7 5. Bd3 Ngf6 6. c3 Nxe4 7. Bxe4 Nf6 8.
Bd3 Bg4 9. f3 Bh5 10. Ne2 Bg6 11. Nf4 Qc7 12. Qe2 e6 13. Bd2 Bd6 14. g3 O-O-O
15. O-O-O e5 16. dxe5 Bxe5 17. Nxg6 hxg6 18. f4 Bd6 19. Kb1 Rh5 20. Qf3 Rdh8
21. h4 Nd5 22. c4 Nb6 23. Bc3 R5h7 24. b3 Nd7 25. Rhe1 Rd8 26. Bc2 Nf8 27. Qe3
b6 28. Qf3 a5 29. c5 bxc5 30. Bxa5 Qxa5 31. Qxc6+ Qc7 32. Rxd6 Nd7 33. Qd5 Rh5
34. f5 Qb7 35. Rc6+ Kb8 36. Qd6+ 1-0

[Event "Madrid ch 2010-2011"]
[Site "Madrid ESP"]
[Date "2011.03.10"]
[Round "11.6"]
[White "Elissalt Cardenas, Hector"]
[Black "De la Fuente Gonzalez, Francisco"]
[Result "1/2-1/2"]
[WhiteElo "2359"]
[BlackElo "2230"]
[PlyCount "60"]
[EventDate "2011.02.22"]
[EventType "tourn"]
[EventRounds "11"]
[EventCountry "ESP"]
[EventCategory "1"]
[Source "lmi"]
[SourceDate "2011.02.22"]

1. d4 d5 2. c4 c6 3. Nf3 Nf6 4. e3 a6 5. Nc3 b5 6. cxd5 cxd5 7. Ne2 Nc6 8. Nf4
Bg4 9. Nd3 e6 10. Bd2 Ne4 11. Be2 Bd6 12. O-O O-O 13. Be1 Rc8 14. Nd2 Bxe2 15.
Qxe2 f5 16. f4 Qe7 17. a4 b4 18. a5 Qb7 19. Nxe4 dxe4 20. Nc1 Ne7 21. Nb3 Rc7
22. Bh4 Nd5 23. Rfc1 Rfc8 24. Rxc7 Rxc7 25. Be1 Qc8 26. Bd2 Rc2 27. Rc1 Rxc1+
28. Bxc1 Qc6 29. Kf1 g6 30. h3 Nc7 1/2-1/2